مكتبة جامعة عجلون الوطنية

فهرس بحث المكتبة

Principles of Accounting / (Record no. 33231)

MARC details
000 -LEADER
fixed length control field 00986nam a2200289 a 4500
001 - CONTROL NUMBER
control field 3874529
003 - CONTROL NUMBER IDENTIFIER
control field JO-AjAnu
005 - DATE AND TIME OF LATEST TRANSACTION
control field 20231202133103.0
008 - FIXED-LENGTH DATA ELEMENTS--GENERAL INFORMATION
fixed length control field 890703s1990 maua b 001 0 eng
010 ## - LIBRARY OF CONGRESS CONTROL NUMBER
LC control number 89080950
020 ## - INTERNATIONAL STANDARD BOOK NUMBER
International Standard Book Number 0395433509
040 ## - CATALOGING SOURCE
Original cataloging agency DLC
Transcribing agency DLC
Modifying agency DLC
050 00 - LIBRARY OF CONGRESS CALL NUMBER
Classification number HF5635
Item number .N35 1990
082 00 - DEWEY DECIMAL CLASSIFICATION NUMBER
Classification number 657
Edition number 20
100 1# - MAIN ENTRY--PERSONAL NAME
Personal name Needles, Belverd E.
Relator term Author
245 10 - TITLE STATEMENT
Title Principles of Accounting /
Statement of responsibility, etc. Belverd E. Needles, Jr., Henry R. Anderson, James C. Caldwell.
250 ## - EDITION STATEMENT
Edition statement 4th ed.
260 ## - PUBLICATION, DISTRIBUTION, ETC.
Place of publication, distribution, etc. Boston :
Name of publisher, distributor, etc. Houghton Mifflin,
Date of publication, distribution, etc. c1990.
300 ## - PHYSICAL DESCRIPTION
Extent xlv, 1220, [126] p. :
Other physical details ill. (some col.) ;
Dimensions 26 cm.
504 ## - BIBLIOGRAPHY, ETC. NOTE
Bibliography, etc. note Includes bibliographical references and index.
650 #0 - SUBJECT ADDED ENTRY--TOPICAL TERM
Topical term or geographic name entry element Accounting.
700 1# - ADDED ENTRY--PERSONAL NAME
Personal name Anderson, Henry R.,
Dates associated with a name 1939-
Relator term joint author
700 1# - ADDED ENTRY--PERSONAL NAME
Personal name Caldwell, James C.
Relator term joint author
906 ## - LOCAL DATA ELEMENT F, LDF (RLIN)
a 7
b cbc
c orignew
d 1
e opcn
f 19
g y-gencatlg
942 ## - ADDED ENTRY ELEMENTS (KOHA)
Source of classification or shelving scheme Library of Congress Classification
Koha item type Books
Suppress in OPAC No
Holdings
Withdrawn status Lost status Source of classification or shelving scheme Damaged status Not for loan Home library Current library Date acquired Total Checkouts Full call number Barcode Date last seen Price effective from Koha item type
    Library of Congress Classification     مكتبة جامعة عجلون الوطنية مكتبة جامعة عجلون الوطنية 02/12/2023   HF5635.N43.1990 E3583 02/12/2023 02/12/2023 Books